Characterization of the prolyl dipeptidyl peptidase gene (dppIV) from the koji mold aspergillus oryzae /
محفوظ في:
| مؤلفون آخرون: | , , , |
|---|---|
| التنسيق: | مقال |
| اللغة: | English |
| الموضوعات: | |
| الوسوم: |
إضافة وسم
لا توجد وسوم, كن أول من يضع وسما على هذه التسجيلة!
|
| Thư viện lưu trữ: | Thư viện Trường Đại học Đà Lạt |
|---|
| LEADER | 01062nam a2200349 4500 | ||
|---|---|---|---|
| 001 | DLU090091994 | ||
| 005 | ##20091201 | ||
| 040 | # | # | |a DLU |b eng |
| 041 | # | # | |a eng |
| 044 | # | # | |a us |
| 245 | # | # | |a Characterization of the prolyl dipeptidyl peptidase gene (dppIV) from the koji mold aspergillus oryzae / |c Agnes Doumas ... [et al.]. |
| 653 | # | # | |a Aspergillus oryzae |
| 653 | # | # | |a Fungi |
| 653 | # | # | |a Gene overexpression |
| 653 | # | # | |a Molecular cloning |
| 653 | # | # | |a Peptides |
| 653 | # | # | |a Recombinant microorganism |
| 653 | # | # | |a Yeast |
| 700 | # | # | |a Affolter, Michael. |
| 700 | # | # | |a Broek, Peter van den. |
| 700 | # | # | |a Doumas, Agnes. |
| 700 | # | # | |a Monod, Michel. |
| 773 | # | # | |t Applied and Environmental Microbiology |g Vol. 64, no. 12 (December 1998), p. 4809-4815 |
| 920 | # | # | |a Phòng Tạp chí -- Trung tâm Thông tin - Thư viện Trường Đại học Đà Lạt |
| 994 | # | # | |a DLU |
| 900 | # | # | |a True |
| 911 | # | # | |a Trương Bảo Trâm Anh |
| 925 | # | # | |a G |
| 926 | # | # | |a A |
| 927 | # | # | |a BB |
| 980 | # | # | |a Thư viện Trường Đại học Đà Lạt |